|
003 -Nazwa inst., której nr kontr. jest w polu 001 [,]
|
-
- @
- Nazwa instytucji, której n kontrolny jest w polu 001
- NUKAT
|
|
005 -DATA I CZAS OSTATNIEJ MODYFIKACJI [,]
|
-
- @
- pole kontrolne
- 20241231102005.0
|
|
040 -Instytucja sporządzająca opis [ , ]
|
-
- a
- Instytucja, która sporządziła opis (NP)
- TOR U/MKO
-
- c
- Instytucja, która sporządziła rekord (NP)
- TOR U/MKO
-
- d
- Instytucja, która zmodyfikowała rekord (P)
- TOR U/LF
-
- d
- Instytucja, która zmodyfikowała rekord (P)
- WA U/96ak
-
- d
- Instytucja, która zmodyfikowała rekord (P)
- WA U/96hjcs
|
|
041 -Język dokumentu [0, ]
|
-
- a
- Język tekstu (P)
- polski
-
- a
- Język tekstu (P)
- niemiecki
-
- b
- Język streszczeń lub abstraktu (P)
- niemiecki
-
- b
- Język streszczeń lub abstraktu (P)
- polski
|
|
942 -Rodzaj dokumentu [ , ]
|
-
- c
- Rodzaj dokumentu
- Książka
|